[Event "DVM U20w 2020"]
[Site "Willingen GER"]
[Date "2021.06.25"]
[Round "4"]
[White "Voigt, Anastasia"]
[Black "Schneider, Anna"]
[Result "1-0"]
[Termination "normal"]
[Board "1.3"]
[WhiteElo "1738"]
[BlackElo "1714"]
[WhiteClock "01:21:23"]
[BlackClock "00:29:08"]
[WhiteTeam "USV Halle"]
[BlackTeam "OSG Baden-Baden"]
[PlyCount "115"]
[WhiteFideId "16235223"]
[BlackFideId "16200527"]
[EventCountry "GER"]
[EventRounds "7"]
[EventType "team-swiss"]
[EventDate "2021.06.23"]

1. e4 {[%clk 01:30:58]} 1... e5 {[%clk 01:30:56]  [%emt 00:00:06]} 2. Nf3 {
[%clk 01:31:22]  [%emt 00:00:06]} 2... Nc6 {[%clk 01:31:20]  [%emt 00:00:05]}
3. Bc4 {[%clk 01:31:47]  [%emt 00:00:05]} 3... Bc5 { [%clk 01:31:42]  [%emt
00:00:08]} 4. c3 {[%clk 01:32:13]  [%emt 00:00:04]} 4... Nf6 {[%clk 01:32:09] 
[%emt 00:00:03]} 5. d3 {[%clk 01:32:34]  [%emt 00:00:09]} 5... d6 {[%clk
01:32:34]  [%emt 00:00:05]} 6. Nbd2 { [%clk 01:32:52]  [%emt 00:00:13]} 6... a6
{[%clk 01:32:56]  [%emt 00:00:08]} 7. Bb3 {[%clk 01:33:15]  [%emt 00:00:06]}
7... Ba7 { [%clk 01:33:21]  [%emt 00:00:05]} 8. Nf1 {[%clk 01:33:18]  [%emt
00:00:27]} 8... Be6 {[%clk 01:33:17]  [%emt 00:00:35]} 9. Bc2 { [%clk 01:33:32]
 [%emt 00:00:14]} 9... h6 {[%clk 01:33:19]  [%emt 00:00:29]} 10. Ng3 {[%clk
01:33:47]  [%emt 00:00:16]} 10... Qd7 { [%clk 01:33:18]  [%emt 00:00:31]} 11.
O-O {[%clk 01:33:32]  [%emt 00:00:45]} 11... Ne7 {[%clk 01:32:51]  [%emt
00:00:58]} 12. d4 { [%clk 01:33:12]  [%emt 00:00:50]} 12... exd4 {[%clk
01:31:49]  [%emt 00:01:32]} 13. cxd4 {[%clk 01:33:34]  [%emt 00:00:08]} 13...
c6 { [%clk 01:25:37]  [%emt 00:06:41]} 14. Re1 {[%clk 01:30:33]  [%emt
00:03:31]} 14... O-O {[%clk 01:23:21]  [%emt 00:02:47]} 15. h3 { [%clk
01:29:30]  [%emt 00:01:33]} 15... Qc7 {[%clk 01:12:44]  [%emt 00:11:07]} 16.
Be3 {[%clk 01:26:10]  [%emt 00:03:50]} 16... Rfd8 { [%clk 01:09:49]  [%emt
00:03:26]} 17. Qd3 {[%clk 01:22:30]  [%emt 00:04:09]} 17... Ng6 {[%clk
01:05:33]  [%emt 00:04:47]} 18. Qc3 { [%clk 01:21:00]  [%emt 00:01:58]} 18...
Nh7 {[%clk 01:00:01]  [%emt 00:06:03]} 19. a4 {[%clk 01:16:26]  [%emt
00:05:03]} 19... d5 { [%clk 00:48:12]  [%emt 00:12:20]} 20. e5 {[%clk 01:14:54]
 [%emt 00:02:02]} 20... Qd7 {[%clk 00:43:57]  [%emt 00:04:46]} 21. b4 { [%clk
01:13:22]  [%emt 00:02:02]} 21... Bb6 {[%clk 00:39:52]  [%emt 00:04:35]} 22. a5
{[%clk 01:11:20]  [%emt 00:02:31]} 22... Ba7 { [%clk 00:38:58]  [%emt
00:01:25]} 23. Bd3 {[%clk 01:06:17]  [%emt 00:05:32]} 23... Rac8 {[%clk
00:35:05]  [%emt 00:04:23]} 24. Qc2 { [%clk 01:05:06]  [%emt 00:01:40]} 24...
Nhf8 {[%clk 00:32:17]  [%emt 00:03:19]} 25. Nf5 {[%clk 01:03:34]  [%emt
00:02:03]} 25... Bb8 { [%clk 00:26:28]  [%emt 00:06:18]} 26. Nd2 {[%clk
01:01:41]  [%emt 00:02:23]} 26... Ne7 {[%clk 00:24:04]  [%emt 00:02:54]} 27.
Ng3 { [%clk 01:00:47]  [%emt 00:01:22]} 27... Nfg6 {[%clk 00:21:04]  [%emt
00:03:32]} 28. f4 {[%clk 00:58:51]  [%emt 00:02:26]} 28... Nh4 { [%clk
00:20:12]  [%emt 00:01:22]} 29. Kh2 {[%clk 00:56:20]  [%emt 00:03:00]} 29...
Nhf5 {[%clk 00:17:50]  [%emt 00:02:53]} 30. Nxf5 { [%clk 00:56:26]  [%emt
00:00:23]} 30... Bxf5 {[%clk 00:18:02]  [%emt 00:00:19]} 31. Bxf5 {[%clk
00:56:33]  [%emt 00:00:23]} 31... Nxf5 { [%clk 00:17:36]  [%emt 00:00:56]} 32.
Bf2 {[%clk 00:56:34]  [%emt 00:00:28]} 32... Ba7 {[%clk 00:16:41]  [%emt
00:01:26]} 33. Nb3 { [%clk 00:56:32]  [%emt 00:00:32]} 33... Re8 {[%clk
00:15:36]  [%emt 00:01:35]} 34. g4 {[%clk 00:55:56]  [%emt 00:01:06]} 34... Ne7
{ [%clk 00:14:55]  [%emt 00:01:11]} 35. Nc5 {[%clk 00:55:55]  [%emt 00:00:31]}
35... Bxc5 {[%clk 00:14:18]  [%emt 00:01:07]} 36. bxc5 { [%clk 00:56:01]  [%emt
00:00:24]} 36... Kh8 {[%clk 00:12:23]  [%emt 00:02:26]} 37. f5 {[%clk 00:54:37]
 [%emt 00:01:53]} 37... Ng8 { [%clk 00:11:12]  [%emt 00:01:42]} 38. Rab1 {[%clk
00:53:48]  [%emt 00:01:18]} 38... Rc7 {[%clk 00:08:41]  [%emt 00:03:01]} 39.
Rb3 { [%clk 00:53:03]  [%emt 00:01:13]} 39... f6 {[%clk 00:06:52]  [%emt
00:02:21]} 40. e6 {[%clk 00:53:01]  [%emt 00:00:32]} 40... Qd8 { [%clk
00:05:56]  [%emt 00:01:26]} 41. Bg3 {[%clk 00:52:45]  [%emt 00:00:45]} 41...
Rc8 {[%clk 00:06:00]  [%emt 00:00:26]} 42. Qd2 { [%clk 00:52:43]  [%emt
00:00:30]} 42... Ra8 {[%clk 00:04:52]  [%emt 00:01:39]} 43. Rxb7 {[%clk
00:52:28]  [%emt 00:00:45]} 43... Re7 { [%clk 00:03:34]  [%emt 00:01:49]} 44.
Rb6 {[%clk 00:52:28]  [%emt 00:00:30]} 44... Qe8 {[%clk 00:02:41]  [%emt
00:01:24]} 45. Bd6 { [%clk 00:52:27]  [%emt 00:00:30]} 45... Rea7 {[%clk
00:02:51]  [%emt 00:00:21]} 46. Reb1 {[%clk 00:52:29]  [%emt 00:00:29]} 46...
Rc8 { [%clk 00:01:48]  [%emt 00:01:33]} 47. Rb7 {[%clk 00:52:24]  [%emt
00:00:35]} 47... Rxb7 {[%clk 00:01:37]  [%emt 00:00:41]} 48. Rxb7 { [%clk
00:52:48]  [%emt 00:00:06]} 48... Ra8 {[%clk 00:01:09]  [%emt 00:00:58]} 49.
Rf7 {[%clk 00:52:27]  [%emt 00:00:49]} 49... h5 { [%clk 00:30:00]  [%emt
00:01:41]} 50. Rf8 {[%clk 01:21:55]  [%emt 00:01:01]} 50... Qxf8 {[%clk
00:30:01]  [%emt 00:00:29]} 51. Bxf8 { [%clk 01:22:22]  [%emt 00:00:04]} 51...
Rxf8 {[%clk 00:30:23]  [%emt 00:00:08]} 52. Qb4 {[%clk 01:22:44]  [%emt
00:00:08]} 52... h4 { [%clk 00:30:14]  [%emt 00:00:40]} 53. Qb6 {[%clk
01:22:38]  [%emt 00:00:35]} 53... Ne7 {[%clk 00:30:14]  [%emt 00:00:31]} 54.
Qxa6 { [%clk 01:21:38]  [%emt 00:01:29]} 54... Rb8 {[%clk 00:30:22]  [%emt
00:00:22]} 55. Qe2 {[%clk 01:21:12]  [%emt 00:00:51]} 55... Rb3 { [%clk
00:29:52]  [%emt 00:01:06]} 56. Qa2 {[%clk 01:20:49]  [%emt 00:00:52]} 56...
Rb7 {[%clk 00:29:13]  [%emt 00:01:10]} 57. a6 { [%clk 01:21:06]  [%emt
00:00:13]} 57... Ra7 {[%clk 00:29:08]  [%emt 00:00:35]} 58. Qa5 {[%clk
01:21:23]  [%emt 00:00:12]} 1-0

[Event "DVM U20w 2020"]
[Site "Willingen GER"]
[Date "2021.06.25"]
[Round "4"]
[White "Visvikis, Kassandra"]
[Black "Stowicek, Yara Mathilda"]
[Result "1/2-1/2"]
[Termination "normal"]
[Board "1.4"]
[WhiteElo "1610"]
[BlackElo "1736"]
[WhiteClock "00:20:23"]
[BlackClock "00:32:07"]
[WhiteTeam "OSG Baden-Baden"]
[BlackTeam "USV Halle"]
[PlyCount "64"]
[WhiteFideId "36052167"]
[BlackFideId "16203569"]
[EventCountry "GER"]
[EventRounds "7"]
[EventType "team-swiss"]
[EventDate "2021.06.23"]

1. e4 {[%clk 01:30:59]} 1... e5 {[%clk 01:30:55]  [%emt 00:00:06]} 2. Nf3 {
[%clk 01:31:25]  [%emt 00:00:04]} 2... Nc6 {[%clk 01:31:13]  [%emt 00:00:12]}
3. Bc4 {[%clk 01:31:42]  [%emt 00:00:12]} 3... Bc5 { [%clk 01:31:26]  [%emt
00:00:17]} 4. c3 {[%clk 01:32:07]  [%emt 00:00:05]} 4... Nf6 {[%clk 01:31:40] 
[%emt 00:00:16]} 5. d3 {[%clk 01:32:28]  [%emt 00:00:10]} 5... d6 {[%clk
01:31:36]  [%emt 00:00:34]} 6. a4 { [%clk 01:32:35]  [%emt 00:00:23]} 6... a5
{[%clk 01:30:42]  [%emt 00:01:24]} 7. O-O {[%clk 01:32:31]  [%emt 00:00:34]}
7... O-O { [%clk 01:30:16]  [%emt 00:00:55]} 8. Bb3 {[%clk 01:31:14]  [%emt
00:01:48]} 8... Ba7 {[%clk 01:30:14]  [%emt 00:00:31]} 9. Nbd2 { [%clk
01:31:12]  [%emt 00:00:32]} 9... Ne7 {[%clk 01:29:33]  [%emt 00:01:11]} 10. h3
{[%clk 01:31:23]  [%emt 00:00:19]} 10... Ng6 { [%clk 01:29:32]  [%emt
00:00:31]} 11. Re1 {[%clk 01:31:36]  [%emt 00:00:16]} 11... Nh5 {[%clk
01:26:27]  [%emt 00:03:36]} 12. Nf1 { [%clk 01:20:21]  [%emt 00:11:45]} 12...
Nhf4 {[%clk 01:25:23]  [%emt 00:01:34]} 13. Ng3 {[%clk 01:19:41]  [%emt
00:01:11]} 13... Qf6 { [%clk 01:23:17]  [%emt 00:02:35]} 14. Be3 {[%clk
01:18:42]  [%emt 00:01:29]} 14... Be6 {[%clk 01:22:33]  [%emt 00:01:13]} 15.
Bc2 { [%clk 01:19:00]  [%emt 00:00:13]} 15... h6 {[%clk 01:19:05]  [%emt
00:03:57]} 16. Nh2 {[%clk 01:11:32]  [%emt 00:07:58]} 16... Nh4 { [%clk
01:15:14]  [%emt 00:04:20]} 17. Bxf4 {[%clk 01:07:12]  [%emt 00:04:50]} 17...
Qxf4 {[%clk 01:12:41]  [%emt 00:03:03]} 18. d4 { [%clk 01:07:31]  [%emt
00:00:11]} 18... Rad8 {[%clk 01:08:56]  [%emt 00:04:15]} 19. Qd3 {[%clk
00:55:21]  [%emt 00:12:40]} 19... f5 { [%clk 01:02:14]  [%emt 00:07:12]} 20.
Ne2 {[%clk 00:48:04]  [%emt 00:07:47]} 20... Qg5 {[%clk 00:56:02]  [%emt
00:06:41]} 21. Qg3 { [%clk 00:47:39]  [%emt 00:00:56]} 21... f4 {[%clk
00:53:23]  [%emt 00:03:10]} 22. Qxg5 {[%clk 00:47:48]  [%emt 00:00:21]} 22...
hxg5 { [%clk 00:53:46]  [%emt 00:00:07]} 23. f3 {[%clk 00:42:04]  [%emt
00:06:14]} 23... Kf7 {[%clk 00:48:06]  [%emt 00:06:10]} 24. Kf1 { [%clk
00:33:06]  [%emt 00:09:28]} 24... Bc4 {[%clk 00:47:47]  [%emt 00:00:50]} 25. d5
{[%clk 00:31:24]  [%emt 00:02:11]} 25... c6 { [%clk 00:44:34]  [%emt 00:03:43]}
26. b3 {[%clk 00:28:53]  [%emt 00:03:02]} 26... Ba6 {[%clk 00:40:19]  [%emt
00:04:44]} 27. c4 { [%clk 00:29:12]  [%emt 00:00:10]} 27... Bc5 {[%clk
00:38:19]  [%emt 00:02:30]} 28. Ng4 {[%clk 00:22:21]  [%emt 00:07:21]} 28...
Bb4 { [%clk 00:33:56]  [%emt 00:04:53]} 29. Red1 {[%clk 00:22:39]  [%emt
00:00:12]} 29... b5 {[%clk 00:32:14]  [%emt 00:02:12]} 30. cxb5 { [%clk
00:20:26]  [%emt 00:02:43]} 30... cxb5 {[%clk 00:32:28]  [%emt 00:00:16]} 31.
Bd3 {[%clk 00:20:46]  [%emt 00:00:09]} 31... Rb8 { [%clk 00:32:07]  [%emt
00:00:50]} 32. Rac1 {[%clk 00:20:23]  [%emt 00:00:55]} 32... Bc5 1/2-1/2

[Event "DVM U20w 2020"]
[Site "Willingen GER"]
[Date "2021.06.25"]
[Round "4"]
[White "Ley, Sabrina"]
[Black "Peglau, Mirjam"]
[Result "0-1"]
[Termination "normal"]
[Board "2.1"]
[WhiteElo "1866"]
[BlackElo "1923"]
[WhiteClock "00:26:54"]
[BlackClock "01:09:56"]
[WhiteTeam "SC Landskrone"]
[BlackTeam "Schachzentrum Seeblick e. V."]
[PlyCount "48"]
[WhiteFideId "12938130"]
[BlackFideId "16211138"]
[EventCountry "GER"]
[EventRounds "7"]
[EventType "team-swiss"]
[EventDate "2021.06.23"]

1. e4 {[%clk 01:30:57]  [%emt 00:00:03]} 1... c6 { [%clk 01:30:56]  [%emt
00:00:04]} 2. d4 {[%clk 01:31:10]  [%emt 00:00:18]} 2... d5 {[%clk 01:31:21] 
[%emt 00:00:04]} 3. Nc3 {[%clk 01:31:30]  [%emt 00:00:10]} 3... dxe4 {[%clk
01:31:41]  [%emt 00:00:10]} 4. Nxe4 { [%clk 01:31:55]  [%emt 00:00:06]} 4...
Nd7 {[%clk 01:32:03]  [%emt 00:00:08]} 5. Bd3 {[%clk 01:31:49]  [%emt
00:00:37]} 5... Ngf6 { [%clk 01:32:26]  [%emt 00:00:06]} 6. Nxf6+ {[%clk
01:31:20]  [%emt 00:00:59]} 6... Nxf6 {[%clk 01:32:53]  [%emt 00:00:03]} 7. c3
{ [%clk 01:31:09]  [%emt 00:00:40]} 7... Bg4 {[%clk 01:33:15]  [%emt 00:00:09]}
8. Ne2 {[%clk 01:23:31]  [%emt 00:08:09]} 8... e6 { [%clk 01:31:22]  [%emt
00:02:22]} 9. Bf4 {[%clk 01:18:27]  [%emt 00:05:35]} 9... Bd6 {[%clk 01:30:42] 
[%emt 00:01:10]} 10. Bxd6 { [%clk 01:13:36]  [%emt 00:05:21]} 10... Qxd6 {[%clk
01:30:53]  [%emt 00:00:18]} 11. Qb3 {[%clk 01:12:14]  [%emt 00:01:52]} 11...
O-O-O { [%clk 01:27:32]  [%emt 00:03:49]} 12. Qa4 {[%clk 01:10:30]  [%emt
00:02:16]} 12... Kb8 {[%clk 01:27:20]  [%emt 00:00:42]} 13. O-O { [%clk
00:59:31]  [%emt 00:11:29]} 13... e5 {[%clk 01:25:09]  [%emt 00:02:41]} 14. f3
{[%clk 00:58:38]  [%emt 00:01:22]} 14... Be6 { [%clk 01:21:48]  [%emt
00:03:50]} 15. b4 {[%clk 00:51:42]  [%emt 00:07:27]} 15... Nd5 {[%clk 01:18:21]
 [%emt 00:03:57]} 16. Rfc1 { [%clk 00:45:09]  [%emt 00:07:02]} 16... exd4
{[%clk 01:12:57]  [%emt 00:05:55]} 17. Nxd4 {[%clk 00:40:41]  [%emt 00:04:58]}
17... Nxc3 { [%clk 01:11:50]  [%emt 00:01:37]} 18. Nxc6+ {[%clk 00:32:24] 
[%emt 00:08:46]} 18... bxc6 {[%clk 01:11:48]  [%emt 00:00:33]} 19. Qa3 { [%clk
00:26:41]  [%emt 00:06:13]} 19... Qd4+ {[%clk 01:11:11]  [%emt 00:01:05]} 20.
Kh1 {[%clk 00:26:57]  [%emt 00:00:15]} 20... Qxd3 { [%clk 01:11:19]  [%emt
00:00:23]} 21. Qxc3 {[%clk 00:26:05]  [%emt 00:01:22]} 21... Qxc3 {[%clk
01:11:43]  [%emt 00:00:06]} 22. Rxc3 { [%clk 00:26:33]  [%emt 00:00:02]} 22...
Rd2 {[%clk 01:10:15]  [%emt 00:01:58]} 23. Rxc6 {[%clk 00:26:50]  [%emt
00:00:14]} 23... Rxa2 { [%clk 01:10:00]  [%emt 00:00:43]} 24. Rac1 {[%clk
00:26:54]  [%emt 00:00:26]} 24... Rc8 {[%clk 01:09:56]  [%emt 00:00:34]} 0-1

[Event "DVM U20w 2020"]
[Site "Willingen GER"]
[Date "2021.06.25"]
[Round "4"]
[White "Peglau, Dora"]
[Black "Müller, Riyanna"]
[Result "1-0"]
[Termination "normal"]
[Board "2.2"]
[WhiteElo "1673"]
[BlackElo "1419"]
[WhiteClock "01:00:10"]
[BlackClock "00:46:29"]
[WhiteTeam "Schachzentrum Seeblick e. V."]
[BlackTeam "SC Landskrone"]
[PlyCount "91"]
[WhiteFideId "16220005"]
[BlackFideId "16287401"]
[EventCountry "GER"]
[EventRounds "7"]
[EventType "team-swiss"]
[EventDate "2021.06.23"]

1. d4 {[%clk 01:30:39]  [%emt 00:00:21]} 1... d5 { [%clk 01:30:51]  [%emt
00:00:09]} 2. c4 {[%clk 01:31:04]  [%emt 00:00:04]} 2... dxc4 {[%clk 01:31:10] 
[%emt 00:00:11]} 3. e4 {[%clk 01:31:26]  [%emt 00:00:08] } 3... e5 {[%clk
01:31:10]  [%emt 00:00:30]} 4. Nf3 { [%clk 01:31:49]  [%emt 00:00:07]} 4...
exd4 {[%clk 01:31:07]  [%emt 00:00:33]} 5. Bxc4 {[%clk 01:32:07]  [%emt
00:00:13]} 5... Nc6 { [%clk 01:30:46]  [%emt 00:00:50]} 6. O-O {[%clk 01:32:05]
 [%emt 00:00:32]} 6... Be7 {[%clk 01:29:21]  [%emt 00:01:56]} 7. Qb3 { [%clk
01:29:58]  [%emt 00:02:38]} 7... Be6 {[%clk 01:24:48]  [%emt 00:05:02]} 8. Bxe6
{[%clk 01:29:57]  [%emt 00:00:31]} 8... fxe6 { [%clk 01:25:02]  [%emt
00:00:16]} 9. Qxb7 {[%clk 01:27:55]  [%emt 00:02:32]} 9... Na5 {[%clk 01:19:25]
 [%emt 00:06:06]} 10. Qb5+ { [%clk 01:27:57]  [%emt 00:00:27]} 10... c6 {[%emt
00:00:52]} 11. Qh5+ { [%clk 01:27:50]} 11... Kf8 {[%clk 01:16:02]  [%emt
00:04:09]} 12. Nxd4 { [%clk 01:23:46]  [%emt 00:04:36]} 12... Qxd4 {[%clk
01:14:28]  [%emt 00:02:03]} 13. Qxa5 {[%clk 01:24:00]  [%emt 00:00:17]} 13...
Qxe4 { [%clk 01:12:50]  [%emt 00:02:07]} 14. Nc3 {[%clk 01:23:17]  [%emt
00:01:13]} 14... Qf5 {[%clk 01:10:34]  [%emt 00:02:46]} 15. Qc7 { [%clk
01:21:48]  [%emt 00:01:57]} 15... Nf6 {[%clk 01:08:41]  [%emt 00:02:25]} 16.
Qxc6 {[%clk 01:21:26]  [%emt 00:00:52]} 16... Kf7 { [%clk 01:08:37]  [%emt
00:00:34]} 17. Nb5 {[%clk 01:16:45]  [%emt 00:05:12]} 17... Rhd8 {[%clk
01:06:24]  [%emt 00:02:41]} 18. Nd4 { [%clk 01:13:09]  [%emt 00:04:07]} 18...
Qe5 {[%clk 01:03:43]  [%emt 00:03:10]} 19. Nf3 {[%clk 01:10:11]  [%emt
00:03:29]} 19... Qd6 { [%clk 01:01:44]  [%emt 00:02:26]} 20. Ng5+ {[%clk
01:08:55]  [%emt 00:01:48]} 20... Kg8 {[%clk 01:01:48]  [%emt 00:00:26]} 21.
Qxd6 { [%clk 01:07:07]  [%emt 00:02:19]} 21... Rxd6 {[%clk 01:01:59]  [%emt
00:00:18]} 22. Bf4 {[%clk 01:05:57]  [%emt 00:01:39]} 22... Rb6 { [%clk
01:00:07]  [%emt 00:02:23]} 23. b3 {[%clk 01:04:44]  [%emt 00:01:43]} 23... h6
{[%clk 00:58:58]  [%emt 00:01:39]} 24. Nf3 { [%clk 01:05:00]  [%emt 00:00:15]}
24... Nd5 {[%clk 00:56:31]  [%emt 00:02:56]} 25. Bg3 {[%clk 01:04:45]  [%emt
00:00:45]} 25... Rc8 { [%clk 00:52:47]  [%emt 00:04:15]} 26. Rac1 {[%clk
01:04:12]  [%emt 00:01:03]} 26... Bc5 {[%clk 00:49:33]  [%emt 00:03:44]} 27.
Ne5 { [%clk 01:03:20]  [%emt 00:01:22]} 27... Ne7 {[%clk 00:46:27]  [%emt
00:03:35]} 28. Nd7 {[%clk 01:02:45]  [%emt 00:01:07]} 28... Rbc6 { [%clk
00:45:06]  [%emt 00:01:52]} 29. Nxc5 {[%clk 01:02:57]  [%emt 00:00:18]} 29...
Nd5 {[%clk 00:45:13]  [%emt 00:00:21]} 30. Nd3 { [%clk 01:03:00]  [%emt
00:00:28]} 30... Nc3 {[%clk 00:44:32]  [%emt 00:01:10]} 31. Kh1 {[%clk
01:02:13]  [%emt 00:01:17]} 31... Nxa2 { [%clk 00:43:25]  [%emt 00:01:36]} 32.
Rxc6 {[%clk 01:02:01]  [%emt 00:00:43]} 32... Rxc6 {[%clk 00:43:45]  [%emt
00:00:09]} 33. Ra1 { [%clk 00:59:28]  [%emt 00:03:03]} 33... Rc3 {[%clk
00:43:07]  [%emt 00:01:08]} 34. Rxa2 {[%clk 00:59:38]  [%emt 00:00:22]} 34...
Rxd3 { [%clk 00:43:27]  [%emt 00:00:09]} 35. h4 {[%clk 00:59:56]  [%emt
00:00:12]} 35... Rxb3 {[%emt 00:00:19]} 36. Rxa7 {[%clk 01:00:17]} 36... Rb6 {
[%clk 00:44:03]  [%emt 00:00:13]} 37. Be5 {[%clk 01:00:13]  [%emt 00:00:34]}
37... g5 {[%clk 00:44:07]  [%emt 00:00:26]} 38. hxg5 { [%clk 01:00:34]  [%emt
00:00:09]} 38... hxg5 {[%clk 00:44:27]  [%emt 00:00:11]} 39. Rg7+ {[%clk
01:00:57]  [%emt 00:00:08]} 39... Kf8 { [%clk 00:44:50]  [%emt 00:00:07]} 40.
Rxg5 {[%clk 01:01:16]  [%emt 00:00:11]} 40... Rb1+ {[%clk 00:45:07]  [%emt
00:00:12]} 41. Kh2 { [%clk 01:01:41]  [%emt 00:00:05]} 41... Re1 {[%clk
00:45:20]  [%emt 00:00:17]} 42. Bd6+ {[%clk 01:01:58]  [%emt 00:00:14]} 42...
Kf7 { [%clk 00:45:38]  [%emt 00:00:12]} 43. Re5 {[%clk 01:01:45]  [%emt
00:00:42]} 43... Rd1 {[%clk 00:46:01]  [%emt 00:00:09]} 44. Bc5 { [%clk
01:00:34]  [%emt 00:01:41]} 44... Kf6 {[%clk 00:46:17]  [%emt 00:00:12]} 45. f4
{[%clk 01:00:40]  [%emt 00:00:24]} 45... Rf1 { [%clk 00:46:29]  [%emt
00:00:18]} 46. Be3 {[%clk 01:00:10]  [%emt 00:00:58]} 1-0